000
00321nam a22001217a 4500
040
_c
SY
082
_a
397
100
_a
ម៉ែន សាម៉េត
245
_a
បច្ចេកទេសបណ្ដុះកូនប្រេងខ្យល់
260
_a
RUA
_b
ម៉ែន
_c
2004
300
_a
16p.
942
_c
MA
999
_c
9559
_d
9559